000 00592nam a2200241 a 4500
001 nice12345678
003 IN_TiNIC
005 20260116012444.0
008 050524s1974 hyda grp 000 0 urd
020 _a
_c100
082 0 0 _a891.41
_bAAZ
100 _aAazar, Rashid
245 _aAab Deeda
260 _aHyderabad
_bMarkazi Anjuman Taleemus Salat
_c1974
300 _a111p
500 _aincludes index and biblioraphy
505 2 _aGlossary, Bibliography and index
650 _aUrdu-Poetry
700 1 _aAazar, Rashid
902 _bSRS
942 _cBK
999 _c7089
_d7089